<?xml version="1.0" encoding="UTF-8"?>
<record
    xmlns:xsi="http://www.w3.org/2001/XMLSchema-instance"
    xsi:schemaLocation="http://www.loc.gov/MARC21/slim http://www.loc.gov/standards/marcxml/schema/MARC21slim.xsd"
    xmlns="http://www.loc.gov/MARC21/slim">

  <leader>00340nam a22001457a 4500</leader>
  <controlfield tag="008">260310b        |||||||| |||| 00| 0 eng d</controlfield>
  <datafield tag="020" ind1=" " ind2=" ">
    <subfield code="a">9788197055942</subfield>
  </datafield>
  <datafield tag="040" ind1=" " ind2=" ">
    <subfield code="a">03</subfield>
  </datafield>
  <datafield tag="082" ind1=" " ind2=" ">
    <subfield code="a">616.87 SHA</subfield>
  </datafield>
  <datafield tag="100" ind1=" " ind2=" ">
    <subfield code="a">SHARMA NAVEEN</subfield>
  </datafield>
  <datafield tag="245" ind1=" " ind2=" ">
    <subfield code="a">COMMUNITY HEALTH NURSING</subfield>
  </datafield>
  <datafield tag="260" ind1=" " ind2=" ">
    <subfield code="a">MEERUT</subfield>
    <subfield code="b">WOLTER KLUWER</subfield>
    <subfield code="c">7/3/26</subfield>
  </datafield>
  <datafield tag="300" ind1=" " ind2=" ">
    <subfield code="a">400</subfield>
  </datafield>
  <datafield tag="942" ind1=" " ind2=" ">
    <subfield code="c">01</subfield>
  </datafield>
  <datafield tag="999" ind1=" " ind2=" ">
    <subfield code="c">67143</subfield>
    <subfield code="d">67143</subfield>
  </datafield>
  <datafield tag="952" ind1=" " ind2=" ">
    <subfield code="0">0</subfield>
    <subfield code="1">0</subfield>
    <subfield code="2">ddc</subfield>
    <subfield code="4">0</subfield>
    <subfield code="6">616_870000000000000_SHA</subfield>
    <subfield code="7">0</subfield>
    <subfield code="9">565040</subfield>
    <subfield code="a">03</subfield>
    <subfield code="b">03</subfield>
    <subfield code="d">2026-03-10</subfield>
    <subfield code="e">R LAL MEERUT</subfield>
    <subfield code="g">600.00</subfield>
    <subfield code="l">0</subfield>
    <subfield code="o">616.87 SHA</subfield>
    <subfield code="p">03-B-7398</subfield>
    <subfield code="r">2026-03-10</subfield>
    <subfield code="w">2026-03-10</subfield>
    <subfield code="y">01</subfield>
  </datafield>
  <datafield tag="952" ind1=" " ind2=" ">
    <subfield code="0">0</subfield>
    <subfield code="1">0</subfield>
    <subfield code="2">ddc</subfield>
    <subfield code="4">0</subfield>
    <subfield code="6">616_870000000000000_SHA</subfield>
    <subfield code="7">0</subfield>
    <subfield code="9">565041</subfield>
    <subfield code="a">03</subfield>
    <subfield code="b">03</subfield>
    <subfield code="d">2026-03-10</subfield>
    <subfield code="e">R LAL MEERUT</subfield>
    <subfield code="g">600.00</subfield>
    <subfield code="l">0</subfield>
    <subfield code="o">616.87 SHA</subfield>
    <subfield code="p">03-B-7399</subfield>
    <subfield code="r">2026-03-10</subfield>
    <subfield code="w">2026-03-10</subfield>
    <subfield code="y">01</subfield>
  </datafield>
  <datafield tag="952" ind1=" " ind2=" ">
    <subfield code="0">0</subfield>
    <subfield code="1">0</subfield>
    <subfield code="2">ddc</subfield>
    <subfield code="4">0</subfield>
    <subfield code="6">616_870000000000000_SHA</subfield>
    <subfield code="7">0</subfield>
    <subfield code="9">565042</subfield>
    <subfield code="a">03</subfield>
    <subfield code="b">03</subfield>
    <subfield code="d">2026-03-10</subfield>
    <subfield code="e">R LAL MEERUT</subfield>
    <subfield code="g">600.00</subfield>
    <subfield code="l">0</subfield>
    <subfield code="o">616.87 SHA</subfield>
    <subfield code="p">03-B-7400</subfield>
    <subfield code="r">2026-03-10</subfield>
    <subfield code="w">2026-03-10</subfield>
    <subfield code="y">01</subfield>
  </datafield>
  <datafield tag="952" ind1=" " ind2=" ">
    <subfield code="0">0</subfield>
    <subfield code="1">0</subfield>
    <subfield code="2">ddc</subfield>
    <subfield code="4">0</subfield>
    <subfield code="6">616_870000000000000_SHA</subfield>
    <subfield code="7">0</subfield>
    <subfield code="9">565043</subfield>
    <subfield code="a">03</subfield>
    <subfield code="b">03</subfield>
    <subfield code="d">2026-03-10</subfield>
    <subfield code="e">R LAL MEERUT</subfield>
    <subfield code="g">600.00</subfield>
    <subfield code="l">0</subfield>
    <subfield code="o">616.87 SHA</subfield>
    <subfield code="p">03-B-7401</subfield>
    <subfield code="r">2026-03-10</subfield>
    <subfield code="w">2026-03-10</subfield>
    <subfield code="y">01</subfield>
  </datafield>
  <datafield tag="952" ind1=" " ind2=" ">
    <subfield code="0">0</subfield>
    <subfield code="1">0</subfield>
    <subfield code="2">ddc</subfield>
    <subfield code="4">0</subfield>
    <subfield code="6">616_870000000000000_SHA</subfield>
    <subfield code="7">0</subfield>
    <subfield code="9">565044</subfield>
    <subfield code="a">03</subfield>
    <subfield code="b">03</subfield>
    <subfield code="d">2026-03-10</subfield>
    <subfield code="e">R LAL MEERUT</subfield>
    <subfield code="g">600.00</subfield>
    <subfield code="l">1</subfield>
    <subfield code="o">616.87 SHA</subfield>
    <subfield code="p">03-B-7402</subfield>
    <subfield code="q">2026-07-31</subfield>
    <subfield code="r">2026-04-06</subfield>
    <subfield code="s">2026-04-06</subfield>
    <subfield code="w">2026-03-10</subfield>
    <subfield code="y">01</subfield>
  </datafield>
  <datafield tag="952" ind1=" " ind2=" ">
    <subfield code="0">0</subfield>
    <subfield code="1">0</subfield>
    <subfield code="2">ddc</subfield>
    <subfield code="4">0</subfield>
    <subfield code="6">616_870000000000000_SHA</subfield>
    <subfield code="7">0</subfield>
    <subfield code="9">565045</subfield>
    <subfield code="a">03</subfield>
    <subfield code="b">03</subfield>
    <subfield code="d">2026-03-10</subfield>
    <subfield code="e">R LAL MEERUT</subfield>
    <subfield code="g">600.00</subfield>
    <subfield code="l">0</subfield>
    <subfield code="o">616.87 SHA</subfield>
    <subfield code="p">03-B-7403</subfield>
    <subfield code="r">2026-03-10</subfield>
    <subfield code="w">2026-03-10</subfield>
    <subfield code="y">01</subfield>
  </datafield>
</record>
